Movies Quiz

Random Movies or Baseball Quiz

Baseball Movies About Real Players Quiz Stats

Quiz not verified by Sporcle

Challenge
Share
Tweet
Embed
Score 0/18 Timer 04:00
0 Plays Today
Player or Events Movie % Correct
1961 Home Run Chase61
81.4%
Lou GehrigThe Pride Of The Yankees
80.1%
See Question 2The Babe
79.6%
Black Sox Scandal (1919)Eight Men Out
78.3%
AAGBPLA League Of Their Own
58.8%
Jim MorrisThe Rookie
57.5%
The Georgia PeachCobb
55.2%
First to break color barrierThe Jackie Robinson Story
41.6%
Hit 714 Home RunsThe Babe Ruth Story
34.8%
Player or Events Movie % Correct
Jimmy PiersallFear Strikes Out
26.2%
Pete RoseHustle
16.3%
Lost leg in hunting accidentThe Stratton Story
12.7%
Dizzy DeanThe Pride of St. Louis
8.6%
Grover Cleveland AlexanderThe Winning Team
6.8%
Negro League BaseballSoul Of The Game
5.4%
Ron LeFlore One In A Million
4.1%
Joe TorreCurveballs Along The Way
2.3%
Pete Gray (one-armed pitcher)A Winner Never Quits
1.8%

You're not logged in!

Compare scores with friends on all Sporcle quizzes.
Join for Free
OR
Log In

You Might Also Like...

Show Comments

Extras

Top Quizzes Today


Score Distribution

Your Account Isn't Verified!

In order to create a playlist on Sporcle, you need to verify the email address you used during registration. Go to your Sporcle Settings to finish the process.

Report this User

Report this user for behavior that violates our Community Guidelines.

Details: